000 01212nam a2200361 i 4500
001 331000
003 KOSZ 005
005 20240405063059.0
008 980928s1998 pl a |000 0 pol d
015 _aPB 1998/12653
040 _aWA N
_cWA N
_dKOSZ 005/HR
041 0 _apol
046 _k1998
080 _a338.22(438)"1989/..."
080 _a(083.41)
245 0 0 _aGospodarka Polski w procesie transformacji 1997 r. /
_c[red. Irena Wiśniowska].
260 _aWarszawa :
_bIRiSS,
_c1998.
300 _a194 s. :
_bwykr. ;
_c25 cm.
380 _aKsiązki
388 _a1901-2000
388 _a1989-2000
490 1 _aRaporty / Instytut Rozwoju i Studiów Strategicznych,
_x1230-2848 ;
_v69.
648 _a1901-2000
648 _a1989-2000
650 7 _aTransformacja systemu społeczno-gospodarczego
651 4 _aPolska
655 4 _aDane statystyczne
658 _aGospodarka, ekonomia, finanse
700 1 _aWiśniowska, Irena
_eRedakcja
830 0 _aRaporty - Instytut Rozwoju i Studiów Strategicznych
_v69
856 _uhttp://koha.tu.koszalin.pl/cgi-bin/koha/opac-detail.pl?biblionumber=33100
_yKatalog online BPK
942 _2UKD
_cKS
999 _c33100
_d33100